Zodpovednosť za výrobok v Európskej únii, v Českej republike a v Slovenskej republike
Uložené v:
| Hlavný autor: | |
|---|---|
| Ďalší autori: | |
| Médium: | Kniha |
| Jazyk: | Slovak |
| Vydavateľské údaje: |
Košice
Slovenská obchodná a priemyselná komora
2014
|
| Predmet: | |
| Tagy: |
Žiadne tagy, Buďte prvý, kto otaguje tento záznam!
|
MARC
| LEADER | 00000nam a2200000 4500 | ||
|---|---|---|---|
| 001 | 0198421 | ||
| 005 | 20240318130124.4 | ||
| 020 | |a 978-80-8129-036-7 | ||
| 041 | 0 | |a slo | |
| 044 | |a SK | ||
| 245 | 1 | 0 | |a Zodpovednosť za výrobok v Európskej únii, v Českej republike a v Slovenskej republike |c Petr Záruba, Martin Pospíšil |
| 264 | 1 | |a Košice |b Slovenská obchodná a priemyselná komora |c 2014 | |
| 300 | |a 136 s. | ||
| 610 | 2 | 0 | |a smernice |
| 610 | 2 | 0 | |a legislatíva |
| 610 | 2 | 0 | |a zodpovednosť |
| 610 | 2 | 0 | |a výrobky |
| 610 | 2 | 0 | |a úpravy právne |
| 610 | 2 | 0 | |a škody |
| 610 | 2 | 0 | |a náhrada škody |
| 610 | 2 | 0 | |a zmluvy poistné |
| 610 | 2 | 0 | |a Česko |
| 610 | 2 | 0 | |a Slovensko |
| 610 | 2 | 0 | |a Európska únia |
| 100 | 1 | |a Záruba, Petr | |
| 700 | 1 | |a Pospíšil, Martin | |